LIBRARY & INFORMATION CENTRE, KCAET, TAVANUR

ONLINE PUBLIC ACCESS CATALOGUE (OPAC)

Algebreaii projective geometry / (Record no. 7128)

MARC details
000 -LEADER
fixed length control field 00466cam a2200193ua 4500
041 ## - LANGUAGE CODE
Language code of text/sound track or separate title eng
082 ## - DEWEY DECIMAL CLASSIFICATION NUMBER
Classification number 516.5
Item number SEM/AL
100 ## - MAIN ENTRY--AUTHOR NAME
Personal name Semple, J G .
245 ## - TITLE STATEMENT
Title Algebreaii projective geometry /
250 ## - EDITION STATEMENT
Edition statement 7 /
260 ## - PUBLICATION, DISTRIBUTION, ETC. (IMPRINT)
Place of publication Oxford :
Name of publisher Clarendon Press ,
Year of publication 1960.
300 ## - PHYSICAL DESCRIPTION
Number of Pages 404 ; .
700 1# - ADDED ENTRY--PERSONAL NAME
Personal name Kneebone, G T .
942 ## - ADDED ENTRY ELEMENTS (KOHA)
Koha item type Books
Holdings
Withdrawn status Lost status Damaged status Home library Current library Date acquired Full call number Accession Number Koha item type
      KAUAET KAUAET 07/04/2012 516.5 2699 Books
free website counter